000 00974cam a2200265 4500
001 WB3621-19
008 000000n2000 000 0 eng u
035 _a(Sirsi) u106130
245 _a5000 surveyors target for SAVA
260 _c2000
490 _aRICS Press Release
_v(pr 058) 26 May 2000 (2)
520 _aThe RICS has set a target of recruiting 5000 chartered surveyors into a new accreditation scheme. The new system is due to be introduced in January 2003 and sets out standard procedures of training and assessment.
590 _aWB
650 _aSAVA
650 _aSAVA
650 _aRICS
650 _aPROPERTY-RESIDENTIAL PROPERTY-ACQUISITION AND DISPOSAL OF RESIDENTIAL PROPERTY
650 _aCAREERS, EDUCATION AND TRAINING
650 _aASSESSMENTS
650 _aRESIDENTIAL SURVEYORS
650 _aRESIDENTIAL AGENTS
650 _aABOUT RICS-RICS MEMBERS
690 _aMANAGEMENT-BUSINESS MANAGEMENT-PROFESSIONAL PRACTICE
942 _n0
999 _c63581
_d63581